Obálka Náhled e-knihy:
Epub
Pro půjčování e-knih musíte být přihlášeni.
Jak si půjčit online?

Berenice /

First published in 1907, ‘Berenice’ by E. Phillips Oppenheim tells the tale of the lonely gentleman Matravers. A man of high tastes with very definite views, he writes reviews for the London papers. After a particularly savage review of a new play, he realises that the lead is played by a beautiful...

Celý popis

Uloženo v:
Hlavní autor: Oppenheim, Edward Phillips (Autor)
Médium: E-kniha
Jazyk:Czech
Vydáno: Praha : Saga Egmont, 2021
Tagy:
Žádné tagy
LEADER 01395nam a22002297i 4500
001 312051
007 ta
008 260601s2021 xr ||||| |||| 00| 0 cze d
020 |a 9990003835611 
044 |a xr 
100 1 |a  Oppenheim, Edward Phillips  |4 aut 
245 1 0 |a Berenice /  |c  Oppenheim, Edward Phillips 
264 1 |a Praha :  |b Saga Egmont,  |c 2021 
300 |a 1 online zdroj (282 stran) 
336 |a text  |b txt  |2 rdacontent 
337 |a bez média  |b n  |2 rdamedia 
338 |a online zdroj  |b cr  |2 rdacarrier 
520 2 |a First published in 1907, ‘Berenice’ by E. Phillips Oppenheim tells the tale of the lonely gentleman Matravers. A man of high tastes with very definite views, he writes reviews for the London papers. After a particularly savage review of a new play, he realises that the lead is played by a beautiful young woman named Berenice – the same woman with whom he has been exchanging looks in the park. The pair become close, but will Berenice’s secretive past catch up with the couple?  
910 |a RBIT002 
998 |d 383561  |a https://core.palmknihy.cz/api/books/383561/cover?s2imz4  |b https://core.palmknihy.cz/api/books/383561/cover/400?s2imz4  |c https://core.palmknihy.cz/api/books/383561/cover/50?s2imz4  |e   |g 282  |i 9990003835611  |j https://core.palmknihy.cz/api/books/383561/preview.epub  |l   |q 49  |r 1  |s https://www.palmknihy.cz/kniha/383561  |t ebook  |y 2021  |z 1 
999 |d 312049